| 000 | 00561nam a2200181Ia 4500 | ||
|---|---|---|---|
| 005 | 20260429111954.0 | ||
| 008 | 260429s9999||||xx |||||||||||||| ||und|| | ||
| 020 | _a9789811273384 | ||
| 041 | _aEnglish | ||
| 082 |
_a530.429 _bXIA |
||
| 100 | _aXia, Jingmin | ||
| 245 | 0 |
_aComputing and analysing energy minimisation problems in liquid crystals : _bimplementation using firedrake / _cJingmin Xia |
|
| 260 |
_aSingapore : _bWorld Scientific Publishing, _c2023. |
||
| 300 | _axx, 222 p.; hb | ||
| 650 | _a Liqudi crystals | ||
| 650 | _aPhysics | ||
| 942 | _cTB | ||
| 999 |
_c51686 _d51686 |
||